000 00369nam a2200157Ia 4500
003 0STCL
008 150530s9999 xx 000 0 und d
040 _aSTCL
_cSTCL
100 _aShakespeare; Bradley, A.C.; Ed
245 _aShakespearian tragedy
260 _bMacmillan
_c1952
546 _aEnglish
942 _2ddc
_cBK
999 _c55231
_d55231
005 20220125170948.0